书目信息 |
| 题名: |
卢旺达和布隆迪
|
|
| 作者: | 勒马尔尚 著 ;钟槐 译 | |
| 分册: | 下册 | |
| 出版信息: | 北京 商务印书馆 1974.09 |
|
| 页数: | 451页 | |
| 开本: | 20cm | |
| 丛书名: | ||
| 单 册: | ||
| 中图分类: | K42 | |
| 科图分类: | ||
| 主题词: | 东非--历史 | |
| 电子资源: | ||
| ISBN: | ||
| 000 | 00644nam0 2200229 45 | |
| 001 | 0212170847 | |
| 005 | 20031219104102.3 | |
| 010 | @dCNY2.70 | |
| 091 | @a11017.338 | |
| 100 | @a20021217d1974 km y0chiy0120 ea | |
| 101 | 0 | @achi |
| 105 | @a z 001yy | |
| 200 | 1 | @a卢旺达和布隆迪@ALu Wang Da He Bu Long Di@h下册@f(法)勒内·勒马尔尚著@F(Fa)Le Nei·Le Ma Er Shang Zhu@g钟槐译 |
| 210 | @a北京@c商务印书馆@d1974.09 | |
| 215 | @a451页@c索引@d20cm | |
| 300 | @a内部读物 | |
| 606 | 0 | @a东非@x历史 |
| 690 | @aK42@v3 | |
| 701 | 0 | @a勒马尔尚@4著 |
| 702 | 0 | @a钟槐@AZhong Huai@4译 |
| 801 | @aCN@bTSTC@c20021217 | |
| 905 | @dK42@e4:2@f1@b219133 | |
| 卢旺达和布隆迪.下册/(法)勒内·勒马尔尚著/钟槐译.-北京:商务印书馆,1974.09 |
| 451页:索引;20cm |
| 内部读物 |
| ISBN :CNY2.70 |
| ● |
| 相关链接 |
|
|
|
|
正题名:卢旺达和布隆迪
索取号:K42/4:2
 
预约/预借
| 序号 | 登录号 | 条形码 | 馆藏地/架位号 | 状态 | 备注 |
| 1 | 0219133 | 001737277 | 第二样本阅览室/ [索取号:K42/4:2] | 在馆 |